000 00789 a2200217 4500
010 _aENG-85779
020 _a01956811326
_c595.00
035 _aEN-69312
037 _bD.B.Act / PUB
082 1 4 _a333.9116
090 _c3520
_d3520
245 1 _aManaging water resources
_bpolicies, institutions and technologies
_cedited by V. Ratna and S. Mahendra Dev
260 _aNew Delhi
_bOxford University Press
_c2006
270 _aYMCA Library Building, Jai Singh Road,
_bNew Delhi, Akshaya Prakashan
_cDelhi
_e110 001
300 _axix, 331p.
_c22cm (Hb)
500 _aIncludes bibliographical references
700 _aReddy, V Ratna
700 _aMahen, S
942 _adpl
_cEN
_k333.9116 / MAN
999 _c3453
_d3453